| 000 | 00884nam a2200217 a 4500 | ||
|---|---|---|---|
| 003 | 0 | ||
| 005 | 20250321155556.0 | ||
| 008 | 060801s19uu xx 00 eng d | ||
| 050 |
_aPGS HQ 755.86.S66.F35 _b.L425 2006 |
||
| 100 | _aLaxa, Franchesca-Anne C. | ||
| 245 |
_aThe effects of parent's smoking on family relationships of grade six students of S.I.S.C. / _cFranchesca-Anne C. Laxa. |
||
| 260 |
_aLas PiƱas City, Philippines : _bSouthville International School and Colleges, _c2006. |
||
| 300 |
_a41 pages : _billustrations ; _c28 cm. |
||
| 504 | _aIncludes bibliographical references. | ||
| 650 |
_aSmoking _vSocial aspects |
||
| 650 |
_aSmoking _vPsychological aspects. |
||
| 650 |
_aParental behavior _vHealth aspects. |
||
| 650 |
_aParent-child relationships _vHealth influences. |
||
| 650 |
_aFamilies _vEffect of smoking on relationships. |
||
| 942 |
_2lcc _cPASS |
||
| 999 |
_c97508 _d97508 |
||